Priznanie k dani z príjmov fyzickej osoby za rok 2006

Bibliographic Details
Main Author: Jarinkovičová, Valéria (Author)
Format: Article
Language:Slovak
PhysicalDescription:Grafy, tab.
ISSN:1335-0897
Subjects:

MARC

LEADER 00000nab a2200000 ar4500
001 vtls008997793
003 SK-MaSNL
005 20260303065821.0
008 070611c2007 xo mr|p|||||||000 b|slo
015 |a SNBRB2007/06  |2 snkbucl 
038 |a SNKBUCL 
040 |a SNKBUCL  |b slo  |c SNKBUCL  |e AACR2 
041 |a slo 
044 |a xo  |c SK 
080 |a 336.226.11  |2 2001 
100 1 |a Jarinkovičová, Valéria  |4 aut  |9 274437 
245 1 0 |a Priznanie k dani z príjmov fyzickej osoby za rok 2006  |c Valéria Jarinkovičová 
300 |b Grafy, tab. 
648 7 |a za r. 2006  |2 snkbucl  |9 1032756 
650 0 7 |a daň z príjmov fyzických osôb  |2 snkbucl  |9 2120 
650 0 7 |a fyzické osoby  |2 snkbucl  |9 4302 
773 0 |t Daňový a účtovný poradca podnikateľa  |g Č. 4-5 (2007), s. 7-128  |x 1335-0897 
852 |a SNK  |b KIS3GCP 
999 |c 1752831  |d 1754761